Raven 2 : a time of ghosts /

Saved in:
Bibliographic Details
Main Author: Kirk, Richard
Format: Book
Language:English
Published: London : Corgi ; Transworld Publishers, 1978.
Edition:Corgi ed.
Series:Kirk, Richard. Raven ; 2.
Subjects:
LEADER 01069cam a2200301 a 4500
001 c000264560
003 CARM
005 20070716115533.0
008 790209s1978 enkb 000 1 eng d
015 |a B7906012 
019 1 |a 3411076  |5 LACONCORD2021 
020 |a 0552108618 (pbk.) :  |c £0.80 
035 |a (OCoLC)16438021  |5 LACONCORD2021 
040 |a BNB  |b eng  |c BNB  |d ABN:1V  |d VCAV 
082 0 4 |a 823.914  |2 22 
100 1 |a Kirk, Richard. 
245 1 0 |a Raven 2 :  |b a time of ghosts /  |c Richard Kirk. 
246 3 |a Time of ghosts 
250 |a Corgi ed. 
260 |a London :  |b Corgi ;  |b Transworld Publishers,  |c 1978. 
300 |a 202 p. :  |b 1 map ;  |c 18 cm. 
490 1 |a Raven / Richard Kirk ;  |v 2 
500 |a Fiction in English, 1900-. Texts (BNB/PRECIS) 
650 0 |a English fiction. 
800 1 |a Kirk, Richard.  |t Raven ;  |v 2. 
852 8 |b CARM  |h A1:AO02A0  |i A04482  |p 0381465  |f BK 
999 f f |i e4f88ff3-a70f-5764-98fb-8a3bc672651c  |s 6b17f842-58ef-5ca8-85b9-d695199e0974 
952 f f |p Can circulate  |a CAVAL  |b CAVAL  |c CAVAL  |d CARM 1 Store  |e A04482  |f A1:AO02A0  |h Other scheme  |i book  |m 0381465